000 00616nam a2200205 i 4500
001 88207
003 ES-MaACL
005 20250723094629.0
007 t|
008 050103s1974 sp ||||1| spa d
100 1 _aLaidler, Keith J. (
_d1916-2003)
_969666
245 1 0 _aFundamentos de química /
_cKeith J. Laidler ; [traducción de José A. Burriel].
250 _a2ª ed.
260 _aMadrid :
_bParaninfo,
_c1974.
300 _a427 p. :
_bil. ;
_c22 cm.
650 0 7 _aQuímica
_2embne
_916625
700 1 _aBurriel, José Antonio.
_932771
852 _aES-MaACL
_jE-7049
_bR.91552
999 _c88207
_d88207